[Event "Catalunya-chT"]
[Site "Catalunya"]
[Date "1996.??.??"]
[Round "?"]
[White "Estrella, J."]
[Black "Casas, Domenech"]
[Result "1/2-1/2"]
[WhiteElo "2320"]
[BlackElo "2230"]

1.e4 c5 2.c3 Nf6 3.e5 Nd5 4.d4 cxd4 5.Nf3 e6 6.cxd4 d6 7.a3 Nc6 8.Bd3 dxe5
9.dxe5 Be7 10.O-O g5 11.Bb5 Bd7 12.Re1 h5 13.Nc3 Nxc3 14.bxc3 g4 15.Nd2 Qa5
16.a4 a6 17.Nc4 Qc7 18.Nd6+ Kf8 19.Bxc6 Bxc6 20.Qd4 Qa5 21.Be3  1/2-1/2

[Event "Celle Ligure op"]
[Site "Celle Ligure"]
[Date "1996.??.??"]
[Round "9"]
[White "Vismara, Daniele"]
[Black "Cordara, Michele"]
[Result "1-0"]
[WhiteElo "2235"]
[BlackElo "2200"]

1.e4 c5 2.c3 Nf6 3.e5 Nd5 4.d4 cxd4 5.cxd4 d6 6.Nf3 Nc6 7.Bc4 dxe5 8.Bxd5 Qxd5
9.Nc3 Qd6 10.d5 Nd4 11.Nxd4 exd4 12.Qxd4 e5 13.Qd3 Bd7 14.O-O f5 15.Re1 Be7
16.Qg3 O-O 17.Qxe5 Qxe5 18.Rxe5 Bf6 19.Re1 Rac8 20.Bd2 Rfd8 21.Rad1 Kf7 22.f4 Rc4
23.Re5 g5 24.g3 gxf4 25.gxf4 Rd4 26.Kf2 Rg8 27.Be3 Rxd1 28.Nxd1 a5 29.Bd2 Rg4
30.h3 Bh4+ 31.Ke3 Rg3+ 32.Kd4 b6 33.Ne3 Bf6 34.Nc4 Rxh3 35.Nxb6 Bb5 36.Kc5 Ba6
37.Rxf5 Kg6 38.Re5 Rf3 39.Re6 Kf7 40.Nd7 Bxb2 41.Rxa6  1-0

[Event "Ceske Budejovice op"]
[Site "Ceske Budejovice"]
[Date "1996.??.??"]
[Round "1"]
[White "Swicarz, Maciej"]
[Black "Lingnau, Carsten"]
[Result "0-1"]
[WhiteElo "2145"]
[BlackElo "2380"]

1.e4 c5 2.c3 Nf6 3.e5 Nd5 4.d4 cxd4 5.Qxd4 e6 6.f4 Nc6 7.Qe4 Bc5 8.Nd2 O-O
9.Ngf3 f5 10.Qa4 a6 11.Nb3 Ba7 12.Nbd4 b5 13.Nxc6 dxc6 14.Qb3 Qb6 15.Nd4 c5
16.c4 bxc4 17.Qxb6 Bxb6 18.Ne2 Nb4 19.Kd1 Nd3 20.Kc2 Rd8 21.Bd2 Bb7 22.Nc3 Bc6
23.a3 Ba5 24.Bxd3 cxd3+ 25.Kc1 c4  0-1

[Event "Ceske Budejovice op"]
[Site "Ceske Budejovice"]
[Date "1996.??.??"]
[Round "2"]
[White "Korostenski, Frantisek"]
[Black "Veselovsky, Sergey"]
[Result "1/2-1/2"]
[WhiteElo "2255"]
[BlackElo "2440"]

1.e4 c5 2.c3 Nf6 3.e5 Nd5 4.Nf3 Nc6 5.Na3 g6 6.Nc4 Bg7 7.a4 O-O 8.d4 d6 9.Be2 cxd4
10.exd6 exd6 11.O-O Be6 12.cxd4 h6 13.Ne3 Kh7 14.h4 Qd7 15.h5 g5 16.Bc4 Nxe3
17.Bxe6 Qxe6 18.Bxe3 Qd5 19.Ra3 a6 20.Qb3 Ne7 21.Nd2 f5 22.f3 Rac8 23.Nb1 Qxb3
24.Rxb3 Nd5 25.Bf2 Rf7 26.Nc3 Nf4 27.Re1 Nd3 28.Re6 Nxf2 29.Kxf2 Bxd4+ 30.Ke2 Be5
31.Kd3 Rc5 32.Re8 Kg7  1/2-1/2

[Event "Ceske Budejovice op"]
[Site "Ceske Budejovice"]
[Date "1996.??.??"]
[Round "4"]
[White "Praznik, Anton"]
[Black "Michenka, Jozef"]
[Result "0-1"]
[WhiteElo "2230"]
[BlackElo "2345"]

1.e4 c5 2.c3 Nf6 3.e5 Nd5 4.d4 cxd4 5.Nf3 Nc6 6.Bc4 Nb6 7.Bb3 d5 8.exd6 Qxd6
9.Na3 a6 10.cxd4 Be6 11.O-O Bd5 12.Ne5 e6 13.Be3 Be7 14.Qh5 O-O 15.Bc2 f5
16.f3 Nxe5 17.dxe5 Qxe5 18.Bxb6 Qxb2 19.Bb3 Qxa3 20.Bxd5 Bc5+ 21.Kh1 exd5
22.Rab1 Rf7 23.h3 Bxb6 24.Rxb6 Qxa2 25.Re1 Qd2 26.Rbe6 Raf8 27.Qh4 h6 28.f4 Kh7
29.R1e3 Rf6 30.Re7 R8f7 31.Re8 Rg6 32.Re2 Qd1+ 33.Re1 Qc2 34.R1e2 Qb1+ 35.Kh2 Qf1
36.Rf2 Qd3 37.Rf3 Qc2 38.Rf2 Qc3 39.Rf3 Qc7 40.Rfe3 d4 41.R3e5 d3 42.Qf2 Qc6
43.Rb8 Rd7 44.Re1 d2 45.Rd1 Qc2 46.Qe2 Qe4 47.Qf2 Rc6  0-1

[Event "Capablanca mem-B"]
[Site "Cienfuegos"]
[Date "1996.??.??"]
[Round "4"]
[White "Rivera, Alberto"]
[Black "Leyva, Hector"]
[Result "1-0"]
[WhiteElo "2415"]
[BlackElo "2385"]

1.e4 c5 2.c3 Nf6 3.e5 Nd5 4.Nf3 e6 5.d4 cxd4 6.cxd4 b6 7.Nc3 Nxc3 8.bxc3 Qc7
9.Bd2 Bb7 10.Bd3 d6 11.O-O Nd7 12.exd6 Bxd6 13.Qe2 O-O 14.Rfe1 Bf4 15.Bxf4 Qxf4
16.Qe3 Qxe3 17.fxe3 Rac8 18.c4 Ba6 19.Rec1 Nb8 20.Nd2 Nc6 21.Nb3 Rfd8 22.Bf1 e5
23.d5 Ne7 24.a4 Nf5 25.a5 Ra8 26.e4 Nd6 27.Bd3 Rdc8 28.axb6 axb6 29.Rxa6 Rxa6
30.c5 Ra3 31.cxd6 Rxc1+ 32.Nxc1 Kf8 33.Bf1 Re3 34.Kf2 Rxe4 35.Bb5 Rf4+ 36.Ke3 Rf6
37.d7 Ke7 38.Nd3 Rd6 39.Ke4 f6 40.g4 h6 41.h4 Rxd7 42.Bxd7 Kxd7 43.h5 Kd6
44.Nb4 b5 45.Nc2 Ke7 46.Kd3 Kf7 47.Ne3 g6 48.hxg6+ Kxg6 49.Kc3  1-0

[Event "Capablanca mem-D"]
[Site "Cienfuegos"]
[Date "1996.??.??"]
[Round "10"]
[White "Rios, Eyleen"]
[Black "Andonovski, Ljubisa"]
[Result "0-1"]
[WhiteElo "2150"]
[BlackElo "2260"]

1.e4 c5 2.c3 Nf6 3.e5 Nd5 4.d4 cxd4 5.Qxd4 e6 6.Bc4 Nc6 7.Qe4 Nde7 8.Bb5 a6
9.Ba4 Qc7 10.f4 b5 11.Bc2 Bb7 12.Qe2 Nf5 13.Nf3 Be7 14.Nbd2 Ncd4 15.Nxd4 Nxd4
16.cxd4 Qxc2 17.Nf3 Rc8 18.Qxc2 Rxc2 19.O-O O-O 20.Rf2 Rc7 21.Be3 Rfc8 22.Rff1 Bd5
23.b3 Ba3 24.Ne1 Be4 25.Rf2 h5 26.h3 f6 27.Rd1 Rc3 28.Bd2 Rg3 29.Kh2 h4 30.Ba5 b4
31.Bb6 Rcc3 32.Bc5 Kf7 33.Re2 f5 34.Rf2 g5 35.fxg5 Rxg5 36.Nf3 Rh5 37.Nd2 Bd3
38.Nb1 Bxb1 39.Rxb1 Rg5 40.Rbf1 Rgg3 41.Rf4 Rc2 42.R1f2 Rgc3 43.Rxc2 Rxc2
44.Rxh4 Kg7 45.Rf4 Rxa2 46.h4 a5 47.Kh3 Bc1 48.Rf3 Bd2 49.g4 f4 50.g5 Be3
51.h5 a4 52.bxa4 b3 53.Rf1 b2 54.Rb1 Bc1 55.Kg4 Rxa4 56.Be7 f3 57.Kxf3 Rxd4
58.Bf6+ Kg8  0-1

[Event "Capablanca mem-B"]
[Site "Cienfuegos"]
[Date "1996.??.??"]
[Round "12"]
[White "Sariego, Wilfredo"]
[Black "Bellon Lopez, Juan Manuel"]
[Result "1/2-1/2"]
[WhiteElo "2395"]
[BlackElo "2505"]

1.e4 c5 2.c3 Nf6 3.e5 Nd5 4.d4 cxd4 5.Nf3 b6 6.Bc4 Bb7 7.O-O Qc7 8.Bb3 e6
9.cxd4 Be7 10.Bg5 f6 11.Bh4 O-O 12.Nbd2 Nf4 13.Rc1 Qd8 14.Bg3 fxe5 15.dxe5 Na6
16.Rc4 Nh5 17.Bc2 Nxg3 18.hxg3 Nb4 19.Be4 Bd5 20.Bxd5 Nxd5 21.Ne4 Rc8 22.Rd4 Qc7
23.Qa4 Qc6 24.Rfd1 a5 25.Qb3 Rc7 26.R4d2 Bb4 27.Nd4 Qc4 28.Qxc4 Rxc4 29.Re2 Rfc8
30.a3 Rc1 31.Rxc1 Rxc1+ 32.Kh2 Be7 33.Rc2 Rd1 34.Nf3 Kf7 35.Rd2 Rc1 36.g4 h6
37.g3 b5 38.Kg2 b4 39.axb4 Bxb4 40.Re2 Rc4 41.g5 hxg5 42.Nfxg5+ Ke7 43.Nh3 Rd4
44.f4 Nb6 45.Nhf2 Kd8 46.Rc2 Nc4 47.Kf3 a4 48.Ke2 g6 49.Ng5 Na5 50.Nf3 Rd5
51.g4 Nc6 52.g5 Kc7 53.Nd3 Rb5 54.Rc4 d5 55.exd6+ Kxd6 56.Rxc6+ Kxc6 57.Nd4+ Kb6
58.Nxb5 Kxb5 59.Ne5 Bc3 60.bxc3 a3 61.Nf3 a2 62.Nd4+ Kc4 63.Nc2 Kxc3 64.Na1 Kd4  1/2-1/2

[Event "Club Tres Peons"]
[Site "?"]
[Date "1996.??.??"]
[Round "1"]
[White "Jerez Perez, Alfonso"]
[Black "Jose Abril, Ramon"]
[Result "1/2-1/2"]
[WhiteElo "2360"]
[BlackElo "2390"]

1.e4 c5 2.c3 Nf6 3.e5 Nd5 4.d4 cxd4 5.Qxd4 e6 6.Nf3 Nc6 7.Qe4 d6 8.Nbd2 Bd7
9.exd6 Bxd6 10.Nc4 Bc7 11.g3 Qf6 12.Bg2 Nxc3 13.Qc2 Nd5 14.O-O O-O 15.Ng5 g6
16.Ne4 Qg7 17.Rd1 h6  1/2-1/2

[Event "Politiken Cup"]
[Site "Copenhagen"]
[Date "1996.??.??"]
[Round "7"]
[White "Pedersen, Nicolai Vesterbaek"]
[Black "Schandorff, Lars"]
[Result "0-1"]
[WhiteElo "2290"]
[BlackElo "2485"]

1.e4 c5 2.c3 Nf6 3.e5 Nd5 4.d4 cxd4 5.Nf3 e6 6.cxd4 b6 7.Nc3 Nxc3 8.bxc3 Qc7
9.Bd2 Bb7 10.Bd3 d6 11.O-O Nd7 12.Re1 dxe5 13.Nxe5 Nxe5 14.Rxe5 Bd6 15.Bb5+ Bc6
16.Qf3 Rc8 17.Bxc6+ Qxc6 18.d5 Qc7 19.Rh5 e5 20.Qh3 Qd7 21.Qh4 h6 22.Re1 f6
23.Qe4 O-O 24.Rh3 f5 25.Qd3 e4 26.Qa6 Rc7 27.Qe2 Qf7 28.c4 Rfc8 29.Rc3 b5
30.Rec1 bxc4 31.Rxc4 Qxd5 32.Rxc7 Rxc7 33.Rxc7 Bxc7 34.Be3 Bb6 35.Bxb6 axb6
36.g3 b5 37.h4 Kf7 38.Qh5+ Kf6 39.Qe8 Qd1+ 40.Kh2 Qf3 41.Qc6+ Kf7 42.Kg1 Qd3
43.Qc7+ Kg6 44.Qe5 e3 45.Qe8+ Kh7 46.h5 exf2+ 47.Kxf2 Qd4+ 48.Kf3 Qg4+ 49.Kf2 b4
50.Qf7 Qe4 51.Kg1 Qb1+ 52.Kg2 Qc2+ 53.Kg1 Qc8 54.Kg2 Kh8 55.Kf3 Qa8+ 56.Kf2 Qg8
57.Qxf5 Qxa2+ 58.Kf3 Qa8+ 59.Kg4 Qb8 60.Qb1  0-1

[Event "Politiken Cup"]
[Site "Copenhagen"]
[Date "1996.??.??"]
[Round "9"]
[White "Bank, Pelle"]
[Black "Holmsgaard, Henrik"]
[Result "0-1"]
[WhiteElo "2230"]
[BlackElo "2290"]

1.e4 c5 2.c3 Nf6 3.e5 Nd5 4.d4 cxd4 5.Nf3 e6 6.cxd4 b6 7.Nc3 Nxc3 8.bxc3 Qc7
9.Bd2 Bb7 10.Bd3 d6 11.O-O Nd7 12.exd6 Bxd6 13.Re1 Bf4 14.Rc1 Bxd2 15.Nxd2 Nf6
16.Nc4 O-O 17.Ne5 Rac8 18.Re3 Rfd8 19.Rc2 a6 20.Qe2 b5 21.Rh3 h6 22.Qe3 Bd5
23.Qf4 Qe7 24.Qh4 Rc7 25.f3 Nh7 26.Qh5 Nf6 27.Qh4 Nh7 28.Qg3 Ng5 29.Rh5 Kh8
30.Ng4 f5 31.Ne5 Qf6 32.h4 Nf7 33.Ng6+ Kh7 34.Qxc7 Qxg6 35.g4 Bxf3 36.Rxf5 Qxg4+
37.Kf1 exf5 38.Qxf7 Be4 39.Bxe4  0-1

[Event "Politiken Cup"]
[Site "Copenhagen"]
[Date "1996.??.??"]
[Round "9"]
[White "Macieja, Bartlomiej"]
[Black "Tukmakov, Vladimir B"]
[Result "1/2-1/2"]
[WhiteElo "2430"]
[BlackElo "2595"]

1.e4 c5 2.c3 Nf6 3.e5 Nd5 4.d4 cxd4 5.Nf3 Nc6 6.cxd4 d6 7.Bc4 dxe5 8.dxe5 Nb6
9.Qxd8+ Nxd8 10.Bb3 Bg4 11.Nd4 Nc6 12.Nxc6 bxc6 13.O-O e6 14.Be3 Nd5 15.Ba4 Nxe3
16.Bxc6+ Ke7 17.Bxa8 Nxf1 18.Kxf1 g5 19.Nd2 Bg7 20.Bf3 Bxf3 21.Nxf3 g4 22.Nd4 Bxe5
23.Nc6+ Kf6 24.Nxe5  1/2-1/2

[Event "Corsico op2"]
[Site "Corsico"]
[Date "1996.??.??"]
[Round "6"]
[White "Vismara, Daniele"]
[Black "Astengo, Corrado"]
[Result "1/2-1/2"]
[WhiteElo "2235"]
[BlackElo "2130"]

1.e4 c5 2.c3 Nf6 3.e5 Nd5 4.d4 cxd4 5.cxd4 d6 6.Nf3 Nc6 7.Bc4 e6 8.O-O dxe5
9.Nxe5 Be7 10.Nc3 Nxe5 11.Bxd5 Nc6 12.Bxc6+ bxc6 13.Qf3 Bb7 14.Rd1 O-O 15.Qg3 Kh8
16.Be3 Rc8 17.Rac1 Qa5 18.a3 Qf5 19.f3 c5 20.dxc5 Bxc5 21.Bxc5 Qxc5+ 22.Qf2 Qg5
23.Rc2 Rfd8 24.Rcd2 Rxd2 25.Qxd2 Qc5+ 26.Qd4 Qxd4+ 27.Rxd4 Kg8 28.Rd7 Rb8
29.b4 a6 30.Rc7 Kf8 31.Na4 Bd5 32.Ra7 Bc4 33.Nc5 Rd8 34.Nxa6 Rd1+ 35.Kf2 Rd2+
36.Kg3 Bf1 37.Kf4 Rxg2 38.Nc7 Rxh2 39.b5 Rb2 40.a4 Rb4+ 41.Ke5 h5 42.a5 h4
43.a6 h3 44.Rb7 Bxb5 45.a7 Ra4 46.a8=Q+ Rxa8 47.Nxa8 h2 48.Rb8+ Ke7 49.Rh8 Bc6
50.Nb6 Bxf3 51.Rxh2 f6+ 52.Kf4 Bc6 53.Rc2 Kd6 54.Nc4+ Kd7 55.Ra2 Ke7 56.Ra7+ Kf8
57.Nd6 Kg8 58.Rc7 Ba4 59.Ra7 Bc6 60.Re7 Bd5 61.Kg4 Bb3 62.Rb7 Bd5 63.Ra7 Bb3
64.Ne8 Bd1+ 65.Kh3 Bh5 66.Nxg7 Bf7 67.Nxe6 Bxe6+ 68.Kh4  1/2-1/2

[Event "CZE-chT 9596"]
[Site "?"]
[Date "1996.??.??"]
[Round "1"]
[White "Polasek, Jaroslav"]
[Black "Michenka, Jozef"]
[Result "0-1"]
[WhiteElo "2275"]
[BlackElo "2380"]

1.e4 c5 2.c3 Nf6 3.e5 Nd5 4.d4 cxd4 5.Nf3 Nc6 6.Bc4 Nb6 7.Bb3 d5 8.exd6 Qxd6
9.O-O Be6 10.Na3 a6 11.Bxe6 Qxe6 12.Nxd4 Nxd4 13.Qxd4 Rd8 14.Qh4 h5 15.Bg5 Qg4
16.Qxg4 hxg4 17.c4 Rh5 18.Be3 Na4 19.b3 Nc3 20.Nc2 e6 21.f3 gxf3 22.Rxf3 Rd3
23.Raf1 Bd6 24.g3 f6 25.a3 Ne2+ 26.Kg2 Rc3 27.Nb4 a5 28.Rd1 axb4 29.Rxd6 bxa3
30.Bb6 a2 31.Rd8+ Ke7 32.Ra8 Rc2 33.Rf2 Rf5 34.b4 Kd7 35.c5 Kc6 36.Ra5 Rxf2+
37.Kxf2 Nc3+ 38.Kf3 Rc1 39.b5+ Kd7 40.c6+ bxc6 41.Ra7+ Kd6 42.Bd4 a1=Q 43.Rxa1 Rxa1
44.Bxc3 Ra3  0-1

[Event "CZE-chT 9596"]
[Site "?"]
[Date "1996.??.??"]
[Round "6"]
[White "Knazovcik, Ladislav"]
[Black "Jirovsky, Petr"]
[Result "0-1"]
[WhiteElo "2330"]
[BlackElo "2295"]

1.e4 c5 2.c3 Nf6 3.e5 Nd5 4.g3 d6 5.exd6 Qxd6 6.Bg2 Nc6 7.Ne2 e6 8.Na3 Be7
9.O-O O-O 10.Nc4 Qc7 11.d3 b5 12.Ne3 Nf6 13.Nf4 Bb7 14.Ng4 Nxg4 15.Qxg4 Ne5
16.Nxe6 fxe6 17.Qxe6+ Nf7 18.Bf4 Bd6 19.Bxb7 Qxb7 20.Bxd6 Qc6 21.Rfe1 Qxd6
22.Qxd6 Nxd6 23.Re6 Rad8 24.Re7 Rf7 25.Re5 Rc7 26.Rae1 Kf7 27.R1e3 Re8 28.Rf3+ Kg8
29.Rd5 Re6 30.Kf1 g6 31.h4 Nb7 32.d4 cxd4 33.Rxd4 Rf7 34.Rxf7 Kxf7 35.a4 bxa4
36.Rxa4 a6 37.b4 Rc6 38.c4 Rxc4 39.Rxa6 Rxb4 40.Rc6 h5 41.Kg2 Nd8 42.Rc7+ Kf6
43.Rc8 Ne6 44.Ra8 Rb2 45.Ra4 Nc5 46.Rf4+ Ke5 47.Rf8 Nd3 48.Kf1 Rc2 49.Re8+ Kf5
50.Rf8+ Ke6 51.Kg1 Rc1+ 52.Kh2 Rc7 53.Kg1 Rf7 54.Re8+ Kd5 55.Rd8+ Kc4 56.Rc8+ Kb5
57.Rc2 Rf6 58.Kf1 Kb4 59.Rd2 Kc3 60.Ra2 Re6 61.Ra3+ Kc4 62.Ra2 Rf6 63.Kg1 Ne5
64.Rc2+ Kb3 65.Re2 Ng4 66.Kg2 Kc3 67.Ra2 Rd6 68.Ra8 Rd2 69.Rc8+ Kd3 70.Rd8+ Ke2
71.Re8+ Kd1 72.Rf8 Ke1 73.Rg8 Rxf2+ 74.Kg1 Rf1+ 75.Kg2 Ne3+ 76.Kh2 Rf2+ 77.Kh1 Rf6
78.Kg1 Ke2 79.Ra8 Kf3 80.Ra3 Rc6 81.Kh2 Rc2+ 82.Kh3 Rc1 83.Kh2 Rb1 84.Rd3 Rb2+
85.Kh3 Ke4 86.Rd8 Nf1 87.Re8+ Kd5  0-1

[Event "CZE-chT 9596"]
[Site "?"]
[Date "1996.??.??"]
[Round "8"]
[White "Knazovcik, Ladislav"]
[Black "Michenka, Jozef"]
[Result "1/2-1/2"]
[WhiteElo "2330"]
[BlackElo "2380"]

1.e4 c5 2.c3 Nf6 3.e5 Nd5 4.g3 Nc6 5.Bg2 e6 6.Nf3 d6 7.exd6 Bxd6 8.d4 O-O
9.O-O b5 10.a4 Ba6 11.axb5 Bxb5 12.Re1 Qb6 13.Nbd2 c4 14.Qe2 Na5 15.Ng5 Rae8
16.Nge4 Be7 17.Nf3 Nb3 18.Rb1 a5 19.Qc2 h6 20.Ne5 Rc8 21.Be3 a4 22.Nd2 Bd6
23.Ng4 Nxe3 24.Nxe3 Rfd8 25.Nf3 Na5 26.Rbd1 Rb8 27.Re2 Bf8 28.Ne5 Bd6 29.f4 Bxe5
30.fxe5 Bc6 31.Rf1 Bxg2 32.Rxg2 Qc6 33.Qf2 Rd7 34.Qf4 Rb3 35.Rgf2 Qb7 36.Nd1 a3
37.bxa3 Rxa3 38.Rb2 Nb3 39.Ne3 Qc6 40.Rbf2 Ra1 41.Rxa1 Nxa1 42.Qf3 Qxf3 43.Rxf3 Rc7
44.Rf1 Nb3 45.Rf2 Rc8 46.Ra2 Nc1 47.Rc2  1/2-1/2

[Event "CZE-chT 9596"]
[Site "?"]
[Date "1996.??.??"]
[Round "10"]
[White "Hracek, Zbynek"]
[Black "Stohl, Igor"]
[Result "1/2-1/2"]
[WhiteElo "2650"]
[BlackElo "2515"]

1.e4 c5 2.c3 Nf6 3.e5 Nd5 4.Nf3 Nc6 5.d4 cxd4 6.Bc4 Nb6 7.Bb3 d5 8.exd6 Qxd6
9.Na3 dxc3 10.Qe2 Bf5 11.Nb5 Qd7 12.Ne5 Nxe5 13.Qxe5 f6 14.Nc7+ Kd8 15.Ne6+ Bxe6
16.Qxe6 Qxe6+ 17.Bxe6 Na4 18.b4 a5 19.Be3 axb4 20.O-O-O+ Kc7 21.Rd7+ Kc6
22.Rhd1 Nc5 23.Bxc5 Kxc5 24.Rxb7 g6 25.Rd5+ Kc6 26.Rdb5 Bh6+ 27.Kc2 Rhd8
28.R5b6+ Kc5 29.Rb5+ Kc6 30.R5b6+ Kc5 31.Rxb4 Rd2+ 32.Kxc3 Rxf2 33.R4b5+ Kd6
34.R7b6+  1/2-1/2

[Event "CZE-chT 9596"]
[Site "?"]
[Date "1996.??.??"]
[Round "11"]
[White "Knazovcik, Ladislav"]
[Black "Orsag, Milan"]
[Result "1/2-1/2"]
[WhiteElo "2330"]
[BlackElo "2410"]

1.e4 c5 2.c3 Nf6 3.e5 Nd5 4.g3 Nc6 5.Nf3 e6 6.Bg2 d6 7.exd6 Bxd6 8.O-O O-O
9.d4 cxd4 10.Nxd4 Bd7 11.c4 Nde7 12.Nf3 Qc7 13.Nc3 Ne5 14.b3 Nxf3+ 15.Bxf3 Be5
16.Bb2 Bc6 17.Qe2 Bxf3 18.Qxf3 a6 19.Rfd1 Rfd8 20.Rxd8+ Rxd8 21.Rd1 Nc6 22.Rxd8+ Qxd8
23.Qd1 Bd4 24.Kg2 f5 25.Qd2 Qf6 26.Nd1 g5 27.Bxd4 Nxd4 28.Nc3 h6 29.Ne2 e5
30.Nxd4 exd4 31.Qa5 Qc6+ 32.Kf1 Qe4 33.h3 Kg7  1/2-1/2

[Event "CZE-chT1 9596"]
[Site "CZE"]
[Date "1996.??.??"]
[Round "?"]
[White "Dolezal, Radoslav Jr"]
[Black "Maskova, Jana"]
[Result "1/2-1/2"]
[WhiteElo "2260"]
[BlackElo "2255"]

1.e4 c5 2.c3 Nf6 3.e5 Nd5 4.d4 cxd4 5.Nf3 e6 6.cxd4 d6 7.Bc4 Nc6 8.O-O Be7
9.exd6 Qxd6 10.Nc3 Nxc3 11.bxc3 O-O 12.Qe2 b6 13.Rd1 Bb7 14.Bb2 Rad8 15.Bd3 Bf6
16.Rac1 Rfe8 17.Bb5 Rf8 18.h3 Ne7 19.Bd3 Ng6 20.Qe3 Nh4 21.Nxh4 Bxh4 22.c4 h6
23.Ba3 Bg5 24.Bxd6 Bxe3 25.fxe3 Rxd6 26.c5 bxc5 27.dxc5 Rc6 28.Bb5 Rc7 29.c6 Bc8
30.Rc5 f6 31.Kf2 Kf7 32.Ke2 Ke7 33.Rd4 e5 34.Ra4 Rd8 35.Rc3 Rd6 36.Rca3 a6
37.Bxa6 Rdxc6 38.Bd3 Rb6 39.Rb3 Rcb7 40.Rxb6 Rxb6 41.Ra7+ Rb7  1/2-1/2

[Event "CZE-chT2c 9596"]
[Site "CZE"]
[Date "1996.??.??"]
[Round "5"]
[White "Muzik, Martin"]
[Black "Potomak, Vladimir"]
[Result "1-0"]
[WhiteElo "2195"]
[BlackElo "2215"]

1.e4 c5 2.c3 Nf6 3.e5 Nd5 4.d4 cxd4 5.Nf3 e6 6.cxd4 d6 7.Nc3 Nxc3 8.bxc3 Qc7
9.Bd2 Nd7 10.exd6 Bxd6 11.Bd3 b6 12.O-O Bb7 13.Re1 Nf6 14.Ne5 O-O 15.Re3 g6
16.f4 Rfe8 17.Rh3 Ne4 18.Qe1 f5 19.Rc1 Rac8 20.Be3 Qe7 21.Nf3 Nf6 22.Ng5 Rc7
23.Bd2 Qd7 24.Qf1 Bf8 25.Re1 h6 26.Nf3 Ne4 27.Bxe4 Bxe4 28.Ne5 Qh7 29.Rg3 Rg7
30.Qb5 Rd8 31.a4 Be7 32.Rxe4 fxe4 33.Qc6 Bd6 34.Qxe4 Bxe5 35.Qxe5 Kh8 36.Qxe6 Qg8
37.Qf6 Re8 38.Rxg6 Qf7 39.Rxh6+ Kg8 40.Qxf7+ Kxf7 41.Kf2  1-0

[Event "CZE-chT2c 9596"]
[Site "CZE"]
[Date "1996.??.??"]
[Round "11"]
[White "Polak, Tomas"]
[Black "Michenka, Jozef"]
[Result "1/2-1/2"]
[WhiteElo "2420"]
[BlackElo "2360"]

1.e4 c5 2.c3 Nf6 3.e5 Nd5 4.Nf3 Nc6 5.Bc4 Nb6 6.Be2 d6 7.exd6 e6 8.d4 cxd4
9.cxd4 Bxd6 10.Nc3 O-O 11.O-O Nd5 12.Ne4 h6 13.Bd2 Nf4 14.Bc4 Ng6 15.Re1 Bb4
16.Bxb4 Nxb4 17.Qb3 Nc6 18.Qe3 b6 19.Rad1 Na5 20.Bd3 Bb7 21.Nc3 Nh4 22.Nxh4 Qxh4
23.b4 Nc6 24.Be4 Rad8 25.a3 Rd7 26.Qf3 Nd8 27.Bxb7 Nxb7 28.d5 exd5 29.Rxd5 Re7
30.Red1 Rfe8 31.h3 Qc4 32.Kh2 Qc8 33.g3 Re6 34.Rf5 Nd6 35.Rf4 Rf8 36.Nd5 Qc2
37.Rfd4 Re2 38.Kg2 Ne4 39.Rf1 Re8 40.Ne3 Ng5 41.Nxc2 Nxf3 42.Kxf3 Rxc2 43.Kg2 Ra2
44.Rc1 Rxa3 45.Rc7 a5 46.Rdd7 Rf8 47.bxa5 Rxa5 48.Rb7 Rb5 49.Rd6  1/2-1/2

[Event "Decin op"]
[Site "Decin"]
[Date "1996.??.??"]
[Round "1"]
[White "Kviriashvili, Ioseb"]
[Black "Chernyshov, Konstantin"]
[Result "1-0"]
[WhiteElo "2275"]
[BlackElo "2470"]

1.e4 c5 2.c3 Nf6 3.e5 Nd5 4.d4 cxd4 5.Nf3 Nc6 6.Bc4 Nb6 7.Bb3 g6 8.cxd4 Bg7
9.O-O O-O 10.Bf4 d6 11.exd6 Bg4 12.Nbd2 exd6 13.h3 Bf5 14.Be3 d5 15.Rc1 Re8
16.a3 a5 17.Rc5 Bf8 18.Rc3 a4 19.Ba2 Ra5 20.Re1 Rb5 21.b4 axb3 22.Rxb3 Ra5
23.Bg5 Rxe1+ 24.Qxe1 Qc7 25.Qe3 Nc4 26.Nxc4 dxc4 27.Rc3 b5 28.d5 Ne7 29.Qd2 Nc8
30.g4 Bd7 31.Bf4 Nd6 32.Ne5 Be8 33.Bb1 Ra8 34.Bc2 f6 35.Nf3 Bf7 36.Nd4 Qd7
37.Nc6 Re8 38.Re3 Rxe3 39.fxe3 Nb7 40.e4 Bxa3 41.Qc3 Bc5+ 42.Kf1 g5 43.Bg3 Kg7
44.Nd4 Bxd4 45.Qxd4 Nd8 46.Qb6 Bg6 47.e5 fxe5 48.Bxe5+ Kh6 49.Qf6 Qf7 50.Bxg6 hxg6
51.d6 c3 52.Ke1 Qg8 53.Bxc3 b4 54.Bxb4 Nf7 55.Bc3 Nxd6 56.Qxd6 Qe8+ 57.Qe5 Qg8
58.Bd2 Qd8 59.Bxg5+  1-0

[Event "Decin op"]
[Site "Decin"]
[Date "1996.??.??"]
[Round "2"]
[White "Semerij, Yurij"]
[Black "Kachur, Alexander"]
[Result "1/2-1/2"]
[WhiteElo "2205"]
[BlackElo "2290"]

1.e4 c5 2.c3 Nf6 3.e5 Nd5 4.d4 cxd4 5.Nf3 e6 6.cxd4 d6 7.Bc4 Nc6 8.O-O Be7
9.Qe2 b6 10.Qe4 O-O 11.Bd3 g6 12.Bh6 Re8 13.a3 Bb7 14.Nbd2 Rc8 15.Rad1 Rc7
16.Rfe1 dxe5 17.dxe5 Ncb4 18.Bb5 Nc2 19.Qa4 Nxe1 20.Rxe1 Rc8 21.Bd7 a6 22.Bxc8 Qxc8
23.h4 b5 24.Qg4 Nb6 25.Ne4 Bxe4 26.Qxe4 Nd5 27.Rc1 Qb7 28.Qc2 Qb6 29.h5 Qb8
30.Qc6 a5 31.Qa6 a4 32.Qc6 b4 33.axb4 Nxb4 34.Qxa4 Rd8 35.b3 gxh5 36.Rc4 Kh8
37.Kh2 Kg8 38.Qa1 Kh8 39.Qb1 Rg8 40.g3 h4 41.gxh4  1/2-1/2

[Event "Decin op"]
[Site "Decin"]
[Date "1996.??.??"]
[Round "2"]
[White "Braun, Gottfried"]
[Black "Capek, Ivan"]
[Result "1-0"]
[WhiteElo "2330"]
[BlackElo "2145"]

1.e4 c5 2.c3 Nf6 3.e5 Nd5 4.Nf3 Nc6 5.Bc4 Nb6 6.Bb3 c4 7.Bc2 d6 8.exd6 Qxd6
9.O-O Bg4 10.Qe2 e6 11.d4 cxd3 12.Bxd3 Qc7 13.Nbd2 Nd5 14.Be4 Nf6 15.Bc2 Be7
16.Nc4 O-O 17.Bg5 Nd5 18.Bxe7 Qxe7 19.Be4 Rad8 20.Rad1 Qf6 21.Ne3 Nxe3 22.Qxe3 Rxd1
23.Rxd1 Rd8 24.Re1 Bxf3 25.Bxf3 Qe7 26.g3 Qc7 27.h4 h6 28.Be4 b6 29.Bb1 Ne7
30.Qe4 g6 31.h5 Kg7 32.hxg6 Nxg6 33.Qg4 f5 34.Qe2 Qf7 35.f4 Rd6 36.Bc2 Qd7
37.Bb3 Nf8 38.Qe5+ Kg6 39.Ba4 Qe7 40.Be8+ Kh7 41.Qxf5+ Kg7 42.Qg4+ Kh7 43.Ba4 Rd2
44.b4 Qb7 45.Re2 Qd5 46.Bb3 Qd3 47.Rxd2 Qxd2 48.Qf3 Qe1+ 49.Kg2 Qd2+ 50.Kh3 Qe1
51.Bc2+ Kg8 52.Be4 Kf7 53.Qd3 Qg1 54.Qd6 Qe1 55.Qc7+ Kg8 56.Qe5 Qf1+ 57.Bg2 Qd3
58.Qf6 Qf5+ 59.Qxf5 exf5 60.Bd5+ Kg7 61.c4 Kf6 62.Kh4 Nd7 63.Kh5 Kg7 64.Be6 Nf6+
65.Kh4 Kg6 66.c5 bxc5 67.bxc5 Ne8 68.Bd7 Nc7 69.Ba4 a5 70.a3 Ne6 71.c6 Nc7
72.Bc2 Nd5 73.g4 Kf6 74.Bxf5 Ke7 75.Kg3 Kd6 76.g5 hxg5 77.fxg5 Ne7 78.Be4 Ke5
79.Kf3 a4 80.Ke3 Nc8 81.g6 Kf6 82.c7  1-0

[Event "Decin op"]
[Site "Decin"]
[Date "1996.??.??"]
[Round "6"]
[White "Semerij, Yurij"]
[Black "Rogovski, Vladimir"]
[Result "0-1"]
[WhiteElo "2205"]
[BlackElo "2450"]

1.e4 c5 2.c3 Nf6 3.e5 Nd5 4.d4 cxd4 5.Nf3 Nc6 6.Bc4 Nb6 7.Bb3 d5 8.exd6 Qxd6
9.cxd4 Be6 10.Nc3 Bxb3 11.Qxb3 Qb4 12.Qd1 Qc4 13.d5 Nb4 14.Ne5 Qa6 15.a3 N4xd5
16.Qf3 Nf6 17.Bg5 Rd8 18.Rd1 Rxd1+ 19.Kxd1 h6 20.Be3 e6 21.Kc2 Bd6 22.Bd4 O-O
23.Re1 Nbd5 24.Ng4 Be7 25.Nxh6+ gxh6 26.Qg3+ Kh7 27.Nxd5 Qc4+ 28.Qc3 Qxd5
29.Bxf6 Qf5+  0-1

[Event "Decin op"]
[Site "Decin"]
[Date "1996.??.??"]
[Round "9"]
[White "Kviriashvili, Ioseb"]
[Black "Krapivin, Vladislav"]
[Result "1/2-1/2"]
[WhiteElo "2275"]
[BlackElo "2305"]

1.e4 c5 2.c3 Nf6 3.e5 Nd5 4.d4 cxd4 5.Nf3 e6 6.cxd4 b6 7.Nc3 Bb7 8.Bd3 Be7
9.O-O O-O 10.Re1 f5 11.exf6 Nxf6 12.Bg5 Nc6 13.a3 Rc8 14.Qe2 Qe8 15.d5 exd5
16.Nxd5 Bd8 17.Qxe8 Nxe8 18.Bxd8 Rxd8 19.Ng5 g6 20.Re3 Nf6 21.Nxf6+ Rxf6
22.Rae1 Kg7 23.b4 h6 24.Ne4 Re6 25.Ng3 Rde8 26.Rxe6 Rxe6 27.Rxe6 dxe6 28.f4 Ne7
29.Kf2 Kf6 30.Ne4+ Bxe4 31.Bxe4 e5 32.Kf3 exf4 33.Kxf4 g5+ 34.Kg4 Ke5 35.Bf3 Kf6
36.Be4 Ke5 37.Bf3 Kf6 38.h4 Nf5 39.hxg5+ hxg5 40.Be4 Nd4 41.Bd3  1/2-1/2

[Event "Dresden op"]
[Site "Dresden"]
[Date "1996.??.??"]
[Round "2"]
[White "Blankenburg, Gert"]
[Black "Wells, Peter K"]
[Result "0-1"]
[WhiteElo "2045"]
[BlackElo "2475"]

1.e4 c5 2.c3 Nf6 3.e5 Nd5 4.d4 cxd4 5.Qxd4 e6 6.Nf3 Nc6 7.Qe4 f5 8.exf6 Nxf6
9.Qh4 e5 10.Nbd2 d5 11.Bb5 Bd6 12.O-O O-O 13.h3 e4 14.Ne1 Ne7 15.Nb3 h6 16.f4 Qb6+
17.Nd4 Nf5  0-1

[Event "Asia-ch"]
[Site "Dubai"]
[Date "1996.??.??"]
[Round "?"]
[White "Khakpoor, Abbas"]
[Black "Fouad, Hadi"]
[Result "1-0"]
[WhiteElo "2200"]
[BlackElo "2235"]

1.e4 c5 2.c3 Nf6 3.e5 Nd5 4.Nf3 Nc6 5.d4 cxd4 6.cxd4 e6 7.Nc3 Nxc3 8.bxc3 d6
9.exd6 Bxd6 10.Bd3 h6 11.O-O O-O 12.Re1 b6 13.Qe2 Qc7 14.Bd2 Bb7 15.Qe4 g6
16.Qh4 h5 17.Rab1 Be7 18.Bg5 Bxg5 19.Nxg5 Ne7 20.Re3 Nf5 21.Bxf5 exf5 22.Rbe1 Qc6
23.Nf3 Qd6 24.Ne5 Rae8 25.Qg5 Qd8 26.Qh6 Re6 27.Nxf7 Qd5 28.Qh8+ Kxf7 29.Qh7+ Kf6
30.Rxe6+ Qxe6 31.Rxe6+ Kxe6  1-0

[Event "RUS-ch"]
[Site "Elista"]
[Date "1996.??.??"]
[Round "3"]
[White "Shovunov, Baatr"]
[Black "Skvortsov, A."]
[Result "1-0"]
[WhiteElo "2300"]
[BlackElo "2335"]

1.e4 c5 2.c3 Nf6 3.e5 Nd5 4.d4 cxd4 5.Qxd4 e6 6.Nf3 Nc6 7.Qe4 d6 8.c4 Ndb4
9.exd6 f5 10.Qe2 Bxd6 11.a3 Qa5 12.Nc3 O-O 13.Bg5 Na6 14.Rd1 Bb8 15.Bc1 Ne5
16.b4 Nxf3+ 17.Qxf3 Qc7 18.Be2 b6 19.Nb5 Qe7 20.Qb3 Bb7 21.Bf3 Bxf3 22.Qxf3 Nc7
23.Qc6 Qe8 24.Nd4 e5 25.Qxe8 Nxe8 26.Nc6 Bd6 27.Bb2 e4 28.Ke2 Rf7 29.Rd5 Rc8
30.b5 f4 31.f3 e3 32.Rhd1 Bf8 33.g3 a6 34.gxf4 axb5 35.cxb5 Rxf4 36.R1d4 Rf7
37.Rd8 Rxd8 38.Rxd8 Nd6 39.a4 Rf4 40.Be5 Rf6 41.Bxf6 gxf6 42.Ne7+  1-0